Elevation Extreme: Deepest Countries - Statistics

General Stats
  • This quiz has been taken 62 times
  • The average score is 10 of 14
Answer Stats
Depth Area Country % Correct
-428 m (-1,404 ft) Dead Sea Israel
98%
-428 m (-1,404 ft) Dead Sea Jordan
98%
-214 m (-704 ft) Sea of Galilee (Golan Heights) Syria
92%
-85 m (-279 ft) Badwater Basin United States
86%
-133 m (-436 ft) Qatrara Depression Egypt
84%
-132 m (-433 ft) Karagiye Depression Kazakhstan
84%
-105 m (-344 ft) Laguna del Carbón Argentina
65%
-81 m (-266 ft) Vpadina Akchanaya Turkmenistan
65%
-154 m (-505 ft) Ayding Lake China
63%
-125 m (-410 ft) Danakil Depression Ethiopia
57%
-47 m (-154 ft) Sabkhat Ghuzayyil Libya
53%
-155 m (-509 ft) Lake Assal Djibouti
49%
-75 m (-246 ft) Lake Kulul Eritrea
43%
-55 m (-180 ft) Sebkha Tah Morocco
29%
No matching quizzes found
Score Distribution
Percent of People with Each Score
Percentile by Number Answered
Your Score History
You have not taken this quiz